The definitive book of branding / (Record no. 88269)
[ view plain ]
| 000 -LEADER | |
|---|---|
| fixed length control field | 02073nam a22002297a 4500 |
| 005 - DATE AND TIME OF LATEST TRANSACTION | |
| control field | 20140904104515.0 |
| 010 ## - LCCN (DPL NO) | |
| LC control number | ENG-110718 |
| 020 ## - INTERNATIONAL STANDARD BOOK NUMBER | |
| International Standard Book Number | 9788132117735 |
| Terms of availability | 895.00 |
| 035 ## - SYSTEM CONTROL NUMBER | |
| System control number | EN-94250 |
| 037 ## - SOURCE OF ACQUISITION | |
| Source of stock number/acquisition | DBAD/PUB |
| 082 ## - DEWEY DECIMAL CLASSIFICATION NUMBER | |
| Classification number | 658.827 |
| 245 ## - TITLE STATEMENT | |
| Title | The definitive book of branding / |
| Statement of responsibility, etc | edited by Kartikeya Kompella |
| 260 ## - PUBLICATION, DISTRIBUTION, ETC. (IMPRINT) | |
| Place of publication, distribution, etc | New Delhi |
| Name of publisher, distributor, etc | Sage |
| Date of publication, distribution, etc | 2014 |
| 270 ## - ADDRESS | |
| Address | B1/ I-1 Mohan Cooperative Industrial Area,Mathura Road |
| City | New Delhi |
| Postal code | 110044 |
| 300 ## - PHYSICAL DESCRIPTION | |
| Extent | xx,408p. |
| Dimensions | 24cm(pbk) |
| 500 ## - GENERAL NOTE | |
| General note | Includes bibliographical references and index. |
| 505 ## - FORMATTED CONTENTS NOTE | |
| Formatted contents note | Foreword -- Preface -- Building blocks -- The essence of positioning / Al Ries -- Creating meaningful brands : how brands evolve from labels on products to icons of meaning / Mark Batey -- From niche to mainstream -- The power of words and stories / John Simmons -- All together now : the new and vital strategy of "community" / Douglas Atkin -- What it really means to be a challenger in today’s world / Adam Morgan -- Building brand authenticity / Michael B. Beverland -- The most important brand question : how does it make them feel? / Daryl Travis -- Brands and innovation / Jean-Noel Kapferer -- Branding with a cause / Kartikeya Kompella -- Branding beyond marketing -- Living the brand / Nicholas Ind -- Employer brand management / Richard Mosley -- Global branding : strategy, creativity, and leadership / Sicco van Gelder -- Brand valuation : identifying and measuring the economic value creation of brands / Jan Lindemann -- Together we stand -- Co-branding / Tom Blackett -- The guide to co-creation / Clare Fuller and Arunima Kapoor -- Building brands on belief -- What Chatterjee said : designing brands from the inside out / Patrick Hanlon -- Passion brands: the extraordinary power of brand belief / Helen Edwards and Derek Day -- Lovemarks in the age of now / Kevin Roberts -- Index -- About the editor and contributors. |
| 650 ## - SUBJECT ADDED ENTRY--TOPICAL TERM | |
| Topical term or geographic name as entry element | Branding (Marketing) |
| 650 ## - SUBJECT ADDED ENTRY--TOPICAL TERM | |
| Topical term or geographic name as entry element | Globalization |
| General subdivision | Economic aspects. |
| 700 ## - ADDED ENTRY--PERSONAL NAME | |
| Personal name | Kompella, Kartikeya |
| 942 ## - ADDED ENTRY ELEMENTS (KOHA) | |
| Source of classification or shelving scheme | Dewey Decimal Classification |
| Item type | English Books |
| Call number suffix | DEF |
| Classification part | 658.827 |
| Withdrawn status | Lost status | Not for loan | Collection code | Home library | Current library | Date acquired | Source of acquisition | Cost, normal purchase price | Full call number | Barcode | Copy number | Cost, replacement price | Koha item type |
|---|---|---|---|---|---|---|---|---|---|---|---|---|---|
| Not For Loan | Non-fiction | D.B.Act.Division | D.B.Act.Division | 03/09/2014 | DBAD/PUB | 895.00 | 658.827 DEF | EN-94250 | 1 | 895.00 | English Books |
